| 000 | 00889nam a2200253Ia 4500 | ||
|---|---|---|---|
| 999 |
_c55659 _d55659 |
||
| 001 | 22754 | ||
| 003 | GE_BSU | ||
| 005 | 20220525111807.0 | ||
| 008 | 181216s1994||||gw |||||||||||||| ||gmh|| | ||
| 020 | _a3484303182 | ||
| 040 | _cGE_BSU | ||
| 041 | _agmh | ||
| 080 | _a81'25 H-57 | ||
| 100 |
_aHerbst, Thomas _913834 |
||
| 245 |
_a Linguistische Aspekte der Synchronisation von Fernsehserien : _bPhonetik, Textlinguistik, Übersetzungstheorie / _cThomas Herbst. |
||
| 264 |
_aTubingen : _bMax Niemeyer Verlag, _c1994. |
||
| 300 |
_a327 p.; _b28 cm. |
||
| 440 |
_aLinguistische Arbeiten 318 _913835 |
||
| 522 | _aBibl. p.: 307-327 | ||
| 653 | _aЛингвистика | ||
| 653 | _aLinguistische Aspekte der Synchronisation von Fernsehserien | ||
| 653 | _aლინგვისტიკა, გერმანული ენათმეცნიერება | ||
| 942 |
_cBK _2udc |
||